|
|
|
|
| LEADER |
00000cam a2200000 7i4500 |
| 001 |
0000030339 |
| 005 |
20241203.0 |
| 008 |
230830 caua eng |
| 020 |
|
|
|a 9781589487062 (pbk)
|
| 040 |
|
|
|a INS
|b eng
|e rda
|
| 090 |
0 |
0 |
|a HD191
|b .V358 2022
|
| 245 |
0 |
0 |
|a Valuing place and purpose :
|b GIS for land administration
|c edited by Brent Jones, Keith Mann
|
| 264 |
|
1 |
|a Redlands, California :
|b ESRI Press
|c 2022
|
| 264 |
|
4 |
|c ©2022
|
| 300 |
|
|
|a ix, 112 pages :
|b illustrations (some colour), maps ;
|c 21 cm.
|
| 490 |
0 |
|
|a Applying GIS
|
| 650 |
|
0 |
|a Land tenure
|x Planning
|x Geographic information systems
|z United States
|
| 650 |
|
0 |
|a Land use
|x Planning
|x Geographic information systems
|z United States
|
| 700 |
1 |
|
|a Jones, Brent ,
|e editor
|
| 700 |
1 |
|
|a Mann, Keith ,
|e editor
|
| 999 |
|
|
|a 1000004784
|b BOOK
|c Open Shelf
|e Default branch
|